Statistics for Kort over Mellemøsten quiz

Click here to take the quiz!

General Stats

  • This quiz has been taken 150 times
  • The average score is 12 of 17

Answers on the Map

Answers color-coded by a green-red scale on the quiz's map according to % correct below.
 

Answer Stats

Answer% Correct
Tyrkiet
92%
Cypern
91%
Egypten
91%
Israel
77%
Irak
75%
Palestina
72%
Saudiarabien
72%
Iran
71%
Oman
71%
Yemen
68%
Forenede Arabiske Emirater
67%
Syrien
66%
Jordan
62%
Qatar
62%
Lebanon
61%
Kuwait
59%
Bahrain
52%

Score Distribution

Percentile by Number Answered

Percent of People with Each Score

Your Score History

You have not taken this quiz